000 00981nam0a2200289 4500
001 RU\NLR\bibl\1002572
005 20260406132216.0
010 _a5-17019271-1
_bАСТ
010 _a5-9713-2940-5
_bАСТ МОСКВА
_93000
021 _aRU
_b2006-46198
_92306
035 _a(NLR Aleph) 000990272
090 _a514462
_c514462
100 _a20061030d2006 |||y0rusy50 ca
101 1 _arus
_ceng
102 _aRU
105 _ay |||||||||
200 1 _aСезон солнца
_eроман
_fКэтрин Коултер
_g[пер. с англ. О.Г. Качковского]
210 _aМосква
_cАСТ
_cАСТ МОСКВА
_d2006
215 _a366
_d17
225 1 _aМини Шарм
686 _aШ6(7США)67-440.4{Лх1979-50}
700 1 _4070
_7ca
_8rus
_aКоултер
_bК.
_f1942-
_gКэтрин
_9111781
_3RU\NLR\auth\771762
801 0 _aRU
_bNLR
_c20061030
_grcr
801 1 _aRU
_bNLR
_c20061030
942 _cBOOK
980 _aNB